| 000 | 00347nam a22001217a 4500 | ||
|---|---|---|---|
| 999 |
_c3531 _d3531 |
||
| 005 | 20201204145324.0 | ||
| 008 | 201204b ||||| |||| 00| 0 eng d | ||
| 020 | _a0435506854 | ||
| 040 | _cCML | ||
| 245 |
_aScience Now. _cFullick A. |
||
| 260 |
_aOxford _bHeinemann Educational _c1996 |
||
| 942 |
_2ddc _cAUDIO _e1st Edition _h500 _mFULL |
||